<?xml version="1.0" encoding="UTF-8"?>
<collection xmlns="http://www.loc.gov/MARC21/slim">
 <record>
  <leader>00678pamaa2200205   4500</leader>
  <controlfield tag="001">0000054110</controlfield>
  <controlfield tag="005">20170119090000.0</controlfield>
  <controlfield tag="008">170119s2013                        eng  </controlfield>
  <datafield tag="020" ind1="0" ind2="0">
   <subfield code="a">9780415628921 (pbk.) </subfield>
  </datafield>
  <datafield tag="090" ind1="0" ind2="0">
   <subfield code="a">KD3930 </subfield>
   <subfield code="b">FEN 2011</subfield>
  </datafield>
  <datafield tag="100" ind1="1" ind2="0">
   <subfield code="a">Fenwick </subfield>
  </datafield>
  <datafield tag="245" ind1="1" ind2="0">
   <subfield code="a">Constitutional and administrative law : </subfield>
   <subfield code="b">2013-2014  </subfield>
   <subfield code="c">Helen Fenwick and Gavin Phillipson.</subfield>
  </datafield>
  <datafield tag="250" ind1="0" ind2="0">
   <subfield code="a">8th ed.</subfield>
  </datafield>
  <datafield tag="260" ind1="0" ind2="0">
   <subfield code="a">Abingdon, Oxon: </subfield>
   <subfield code="b">Routledge, </subfield>
   <subfield code="c">2013.</subfield>
  </datafield>
  <datafield tag="300" ind1=" " ind2=" ">
   <subfield code="a">xx, 286p.: </subfield>
   <subfield code="b">ill.; </subfield>
   <subfield code="c">23cm.</subfield>
  </datafield>
  <datafield tag="440" ind1="0" ind2="0">
   <subfield code="a">Routledge Revision Q&amp;A</subfield>
  </datafield>
  <datafield tag="501" ind1="0" ind2="0">
   <subfield code="a">DLLUK</subfield>
  </datafield>
  <datafield tag="650" ind1="0" ind2="0">
   <subfield code="a">Constitutional law -- </subfield>
   <subfield code="x">Cases -- </subfield>
   <subfield code="z">Great Britain </subfield>
  </datafield>
  <datafield tag="700" ind1="1" ind2="1">
   <subfield code="a">Phillipson, </subfield>
   <subfield code="h">Gavin </subfield>
  </datafield>
  <datafield tag="901" ind1=" " ind2=" ">
   <subfield code="u">http://cw.routledge.com/textbooks/revision</subfield>
  </datafield>
 </record>
</collection>
